000 00516nmm a2200169Ia 4500
008 251105s9999||||xx |||||||||||||||||und||
020 _a9788482550763
041 _aspa
100 _aCumbreño, José María
245 0 _aEstrategia y métodos para la composición de rompecabezas
264 _a[Madrid, España] :
_bLibros de la Frontera,
_c2008
300 _a73 páginas
490 _aEl Bardo. 4ª etapa
650 _aSpanish poetry
856 _uhttps://public.digitaliapublishing.com/a/9010
942 _cCF
999 _c86031
_d86031